|
|
|
|
| LEADER |
00000nam0a2200000 4500 |
| 001 |
9001 |
| 005 |
20231030182220.0 |
| 010 |
|
|
|a 5222002284
|
| 035 |
|
|
|a (RuTPU)RU\TPU\book\9052
|
| 035 |
|
|
|a BOOK00009112
|
| 090 |
|
|
|a 9001
|
| 100 |
|
|
|a 20011209d1998 m y0rusy50 ca
|
| 101 |
0 |
|
|a rus
|
| 102 |
|
|
|a RU
|
| 105 |
|
|
|a y z 000ab
|
| 200 |
1 |
|
|a Александр Васильевич Колчак
|e Жизнь и деятельность
|f И. Ф. Плотников
|
| 210 |
|
|
|a Ростов-на-Дону
|c Феникс
|d 1998
|
| 215 |
|
|
|a 320 с.
|
| 225 |
1 |
|
|a След в истории
|
| 600 |
|
1 |
|a Колчак
|g Александр Васильевич
|b А. В.
|c российский военачальник
|c полярный исследователь
|f 1873 - 1920
|2 stltpui
|3 (RuTPU)RU\TPU\pers\1131
|
| 610 |
1 |
|
|a история
|
| 610 |
1 |
|
|a армия
|
| 686 |
|
|
|a Т3(2)0-8
|v LBC/SL-A
|2 rubbk
|
| 700 |
|
1 |
|a Плотников
|b И. Ф.
|
| 801 |
|
0 |
|a RU
|b 63413507
|c 20011209
|g PSBO
|
| 801 |
|
2 |
|a RU
|b 63413507
|c 20050309
|g PSBO
|
| 942 |
|
|
|c BK
|